Online katalóg knižníc regiónu Turca

Nesmieš ma milovať (Record no. 22097)

MARC details
000 -LEADER
fixed length control field 01484nam a2200493 a 4500
001 - CONTROL NUMBER
control field 22097
003 - CONTROL NUMBER IDENTIFIER
control field VRT
005 - DATE AND TIME OF LATEST TRANSACTION
control field 20260319153621.0
008 - FIXED-LENGTH DATA ELEMENTS--GENERAL INFORMATION
fixed length control field 240318s2016 xr g 000 f slo
015 ## - NATIONAL BIBLIOGRAPHY NUMBER
National bibliography number SNBZSA2016/10
020 ## - INTERNATIONAL STANDARD BOOK NUMBER
International Standard Book Number 9788072438747
Qualifying information (viazané)
035 ## - SYSTEM CONTROL NUMBER
System control number 5ACF8CCF-1797-4862-B331-241EEB2CF117
035 ## - SYSTEM CONTROL NUMBER
System control number urn:nbn:sk:snk-am3h6gd
035 ## - SYSTEM CONTROL NUMBER
System control number urn:nbn:sk:snk-am00cnnc
039 #9 - LEVEL OF BIBLIOGRAPHIC CONTROL AND CODING DETAIL [OBSOLETE]
Level of rules in bibliographic description 202403182240
Level of effort used to assign nonsubject heading access points VLOAD
Level of effort used to assign subject headings 201904050914
Level of effort used to assign classification AUTHORITY
Level of effort used to assign subject headings 201806011058
Level of effort used to assign classification VLOAD
Level of effort used to assign subject headings 201803150904
Level of effort used to assign classification mvkhe14
040 ## - CATALOGING SOURCE
Original cataloging agency POKPOH
Language of cataloging slo
Transcribing agency POKPOH
Modifying agency SNK
Description conventions AACR2
041 0# - LANGUAGE CODE
Language code of text/sound track or separate title slo
044 ## - COUNTRY OF PUBLISHING/PRODUCING ENTITY CODE
MARC country code xr
ISO country code CZ
072 #7 - SUBJECT CATEGORY CODE
Subject category code 821.162.4-3
Subject category code subdivision Slovenská próza
Source konspekt
080 ## - UNIVERSAL DECIMAL CLASSIFICATION NUMBER
Universal Decimal Classification number 821.162.4-31
Edition identifier 2011
080 ## - UNIVERSAL DECIMAL CLASSIFICATION NUMBER
Universal Decimal Classification number (0:82-312.5)
Edition identifier 2011
100 1# - MAIN ENTRY--PERSONAL NAME
Personal name Wurm, Monika,
Dates associated with a name 1983-
Relationship aut
245 10 - TITLE STATEMENT
Title Nesmieš ma milovať
Number of part/section of a work [1]
Name of part/section of a work Farby lásky
Statement of responsibility, etc. Monika Wurm
246 30 - VARYING FORM OF TITLE
Title proper/short title Farby lásky
250 ## - EDITION STATEMENT
Edition statement 1. vyd.
260 ## - PUBLICATION, DISTRIBUTION, ETC.
Place of publication, distribution, etc. Praha
Name of publisher, distributor, etc. Brána
Date of publication, distribution, etc. 2016
300 ## - PHYSICAL DESCRIPTION
Extent 310 s.
Dimensions 21 cm
655 #7 - INDEX TERM--GENRE/FORM
Genre/form data or focus term slovenské romány
Source of term SNKPH
655 #7 - INDEX TERM--GENRE/FORM
Genre/form data or focus term Slovak fiction
Source of term SNKPHeng
655 #7 - INDEX TERM--GENRE/FORM
Genre/form data or focus term Love novels
Source of term SNKPHeng
655 #7 - INDEX TERM--GENRE/FORM
Genre/form data or focus term ľúbostné romány
Source of term SNKPH
910 ## - USER-OPTION DATA (OCLC)
User-option data pokpoh
910 ## - USER-OPTION DATA (OCLC)
User-option data bjkdg
910 ## - USER-OPTION DATA (OCLC)
User-option data skpk
910 ## - USER-OPTION DATA (OCLC)
User-option data pppk
910 ## - USER-OPTION DATA (OCLC)
User-option data sllk
910 ## - USER-OPTION DATA (OCLC)
User-option data snk
910 ## - USER-OPTION DATA (OCLC)
User-option data ttkjf
910 ## - USER-OPTION DATA (OCLC)
User-option data totk
910 ## - USER-OPTION DATA (OCLC)
User-option data vthk
910 ## - USER-OPTION DATA (OCLC)
User-option data hevk
942 ## - ADDED ENTRY ELEMENTS (KOHA)
Source of classification or shelving scheme Dewey Decimal Classification
Koha item type Krásna literatúra pre dospelých
Suppress in OPAC No
949 ## - LOCAL PROCESSING INFORMATION (OCLC)
6 17A1215841
a snkSC 171566
b snk2016/23534
o Vydavatelství a nakladatelství Aleš Čeněk81-ah/19Int. č. fa – 65/2016
s 6100:20161021
Holdings
Stav vyradenia Strata Poškodenie Spôsob nadobudnutia Domovská knižnica Aktuálna knižnica Dátum nadobudnutia Total checkouts Čiarový kód exemplára Date last seen Typ exemplára
      Dar Obecná knižnica Horná Štubňa Obecná knižnica Horná Štubňa 19.03.2026   9788072438747 19.03.2026 Krásna literatúra pre dospelých
Projekt je podporený Slovenskou asociáciou knižníc
Prevádzkuje Turčianska knižnica Martin 2026